Pay rules made easy (Record no. 44985)

MARC details
000 -LEADER
fixed length control field 00260nam a2200109Ia 4500
082 ## - DEWEY DECIMAL CLASSIFICATION NUMBER
Classification number 331.2(094.5)
Item number MUT
100 ## - MAIN ENTRY--AUTHOR NAME
Personal name Muthuswamy
245 #0 - TITLE STATEMENT
Title Pay rules made easy
260 ## - PUBLICATION, DISTRIBUTION, ETC. (IMPRINT)
Place of publication Madras
Name of publisher Swamy
Year of publication 1980
942 ## - ADDED ENTRY ELEMENTS (KOHA)
Koha item type Books
Holdings
Withdrawn status Lost status Damaged status Not for loan Collection code Home library Current library Date acquired Cost, normal purchase price Full call number Accession Number Koha item type
        Out of station RRII Library RRII Library 16/12/2021 15.00 331.2(094.5) MUT Z00095 Books